Car Models by Picture #17 - Statistics

General Stats
  • This quiz has been taken 103 times
  • The average score is 6 of 12
Answer Stats
Picture Hint Answer % Correct
Fiat Punto
70%
Dodge Ram SRT-10
69%
Ford Model T
68%
Mercedes-Benz SLR McLaren
68%
Volkswagen Scirocco
66%
Pagani Huayra
62%
Mitsubishi Pajero iO
49%
De Tomaso Pantera
44%
Smart Roadster
32%
Škoda Favorit
16%
Plymouth Fury
16%
Chevrolet Lacetti
13%
No matching quizzes found
Score Distribution
Percent of People with Each Score
Percentile by Number Answered
Your Score History
You have not taken this quiz